| 000 | 00595nam a2200241Ia 4500 | ||
|---|---|---|---|
| 003 | OSt | ||
| 005 | 20221005122353.0 | ||
| 006 | a|||||r|||| 00| 0 | ||
| 007 | ta | ||
| 008 | 221004b |||||||| |||| 00| 0 tam d | ||
| 024 | _a46941 | ||
| 037 | _cTextual | ||
| 040 |
_aCRL _cCRL _btam |
||
| 041 |
_2tam _atam |
||
| 082 | _aDelta2:864, 31H8.1 | ||
| 100 |
_aRajan Au. _9208742 |
||
| 245 | 0 | _aJathaka ganitham | |
| 260 | _c1948 | ||
| 300 |
_a344p. _ccm. |
||
| 650 | _aSPIRITUALISM | ||
| 942 |
_hDelta2:864, 31H8.1 _cTEXL _2cc |
||
| 999 |
_c1044063 _d1044063 |
||